|
|
|
|
| LEADER |
01116nam a2200289 a 4500 |
| 001 |
12518859 |
| 008 |
100426s2001 nyuab 000 0 eng d |
| 010 |
|
|
|a 2001276108
|
| 020 |
|
|
|a 0071203877
|
| 020 |
|
|
|a 0072329769 (acid-free paper)
|
| 020 |
|
|
|a 0071124012 (ISE)
|
| 040 |
|
|
|a DLC
|c DLC
|d DB-DhAAL
|
| 082 |
0 |
0 |
|a 428.2/4/02465
|2 21
|
| 100 |
1 |
|
|a Thrush, Emily Austin,
|d 1947-
|
| 245 |
1 |
0 |
|a Interactions access.
|p listening/speaking /
|c Emily Austin Thrush, Laurie Blass, Robert Baldwin.
|
| 250 |
|
|
|a 4th ed.
|
| 260 |
|
|
|a New York :
|b McGraw-Hill Contemporary,
|c c2002.
|
| 300 |
|
|
|a xi, 225 p. :
|b ill., maps ;
|c 26 cm.
|
| 541 |
1 |
|
|e 00014330
|
| 650 |
|
0 |
|a English language
|x Textbooks for foreign speakers.
|
| 650 |
|
0 |
|a English language
|x Spoken English.
|
| 650 |
|
0 |
|a Listening.
|
| 700 |
1 |
|
|a Blass, Laurie,
|d 1952-
|
| 700 |
1 |
|
|a Baldwin, Robert,
|d 1954-
|
| 852 |
4 |
|
|a Ayesha Abed Library
|j General Shelf.
|
| 999 |
|
|
|c 8254
|d 8254
|
| 952 |
|
|
|0 0
|1 0
|2 ddc
|4 0
|6 428_240246500000000_THU_2002
|7 0
|9 9464
|a BRACUL
|b BRACUL
|c GEN
|d 2010-04-27
|l 12
|m 19
|o 428.2402465 THU
|p 3010014330
|q 2026-08-06
|r 2025-12-09
|s 2025-12-09
|t 1
|w 2010-04-27
|y BK
|